| 000 | 00332nam a22001457a 4500 | ||
|---|---|---|---|
| 003 | SGT | ||
| 020 | _a978-1-4160-5816-8 | ||
| 082 |
_a617.3 _bO08B |
||
| 100 | _aBERT, JACK M. | ||
| 245 | _aORTHOPEDICS CLINICS OF NORTH AMERICA | ||
| 260 |
_aPHILADELPHIA _bELSEVIER PUB _c2008 |
||
| 300 | _a140 | ||
| 490 | _a39/1 | ||
| 942 |
_2ddc _cBK |
||
| 999 |
_c18440 _d18440 |
||